[Event "10. HIT Open 2005 - A"]
[Site "Nova Gorica SLO"]
[Date "2005.01.28"]
[Round "1.3"]
[White "Krumpacnik, Domen"]
[Black "Kozul, Zdenko"]
[Result "1/2-1/2"]
[WhiteElo "2364"]
[BlackElo "2595"]
[PlyCount "108"]
[EventDate "2005.01.28"]
[EventType "swiss"]
[EventRounds "9"]
[EventCountry "SLO"]
[Source "lmi"]
[SourceDate "2005.02.03"]

1. d4 g6 2. Nf3 Bg7 3. e4 d6 4. Bc4 Nf6 5. Qe2 c6 6. Bb3 O-O 7. O-O Bg4 8. Nbd2
d5 9. c3 e6 10. Bc2 Qb6 11. h3 Bxf3 12. Nxf3 dxe4 13. Ng5 Nbd7 14. Nxe4 Nxe4
15. Bxe4 Rfe8 16. Be3 Nf6 17. Bf3 Nd5 18. Bg5 h6 19. Bh4 e5 20. Bxd5 cxd5 21.
dxe5 Bxe5 22. Qf3 Qxb2 23. Qxd5 Qxc3 24. Qxb7 Qd4 25. g4 g5 26. Rad1 Qc3 27.
Bg3 Bxg3 28. fxg3 Qxg3+ 29. Qg2 Qxg2+ 30. Kxg2 Re2+ 31. Rf2 Rxf2+ 32. Kxf2 Rb8
33. Rd6 Rb6 34. Rd2 Ra6 35. Kg2 Ra3 36. Re2 Kg7 37. Kh2 Kg6 38. Kg2 h5 39. Rf2
h4 40. Re2 f6 41. Kh2 a5 42. Kg2 a4 43. Kh2 Rc3 44. Kg2 a3 45. Re7 Rc2+ 46. Kg1
Rc6 47. Ra7 f5 48. gxf5+ Kxf5 49. Rxa3 Rc1+ 50. Kg2 Rc2+ 51. Kg1 Kf4 52. Ra4+
Kg3 53. Ra3+ Kf4 54. Ra4+ Kg3 1/2-1/2

[Event "10. HIT Open 2005 - A"]
[Site "Nova Gorica SLO"]
[Date "2005.01.28"]
[Round "1.4"]
[White "Markus, Robert"]
[Black "Jelen, Igor"]
[Result "1-0"]
[WhiteElo "2584"]
[BlackElo "2346"]
[PlyCount "81"]
[EventDate "2005.01.28"]
[EventType "swiss"]
[EventRounds "9"]
[EventCountry "SLO"]
[Source "lmi"]
[SourceDate "2005.02.03"]

1. d4 Nf6 2. c4 g6 3. Nc3 d5 4. Nf3 Bg7 5. Qb3 dxc4 6. Qxc4 O-O 7. e4 a6 8. e5
b5 9. Qb3 Nfd7 10. e6 fxe6 11. Be3 Nf6 12. Be2 Nc6 13. O-O Qd6 14. Rfd1 Na5 15.
Qc2 Bb7 16. Ng5 Nc4 17. Bxc4 bxc4 18. Nge4 Nxe4 19. Nxe4 Bxe4 20. Qxe4 Rab8 21.
Qc2 Rb4 22. a3 Rb3 23. Rac1 Rfb8 24. Qxc4 Rxb2 25. d5 exd5 26. Rxd5 Qe6 27. g3
Rb1 28. Rd8+ Kf7 29. Qxe6+ Kxe6 30. Rxb8 Rxb8 31. Rxc7 Ra8 32. Bc5 Bf6 33. Kg2
a5 34. Kf3 Rb8 35. Ke4 Rb3 36. Rc6+ Kd7 37. Ra6 Bc3 38. Kd5 Rb7 39. a4 Rc7 40.
Ra7 Rxa7 41. Ke4 1-0

[Event "10. HIT Open 2005 - A"]
[Site "Nova Gorica SLO"]
[Date "2005.01.28"]
[Round "1.7"]
[White "Djingarova, Emilia"]
[Black "Burmakin, Vladimir"]
[Result "0-1"]
[WhiteElo "2292"]
[BlackElo "2554"]
[PlyCount "71"]
[EventDate "2005.01.28"]
[EventType "swiss"]
[EventRounds "9"]
[EventCountry "SLO"]
[Source "lmi"]
[SourceDate "2005.02.03"]

1. e4 c6 2. d4 d5 3. Nd2 dxe4 4. Nxe4 Bf5 5. Ng3 Bg6 6. h4 h6 7. Nf3 Nd7 8. h5
Bh7 9. Bd3 Bxd3 10. Qxd3 e6 11. Bf4 Ngf6 12. O-O-O Nd5 13. Bd2 Nb4 14. Bxb4
Bxb4 15. c3 Bd6 16. Ne4 Bc7 17. Kb1 Qe7 18. Qc2 O-O-O 19. c4 Rhe8 20. Rd3 f5
21. Ned2 Nf6 22. Ra3 a6 23. c5 Ng4 24. Nc4 Rd5 25. Rb3 Kb8 26. Re1 Qd7 27. Rb4
e5 28. Qb3 Qc8 29. Nb6 Bxb6 30. Rxb6 e4 31. Nd2 Rxd4 32. Nc4 Rxc4 33. Qxc4 Nxf2
34. Rb3 Nd3 35. Rf1 Qd7 36. Rc3 0-1

[Event "10. HIT Open 2005 - A"]
[Site "Nova Gorica SLO"]
[Date "2005.01.28"]
[Round "1.8"]
[White "Miezis, Normunds"]
[Black "Krivec, Jana"]
[Result "1-0"]
[WhiteElo "2547"]
[BlackElo "2284"]
[PlyCount "81"]
[EventDate "2005.01.28"]
[EventType "swiss"]
[EventRounds "9"]
[EventCountry "SLO"]
[Source "lmi"]
[SourceDate "2005.02.03"]

1. c4 e5 2. Nc3 Nf6 3. g3 d5 4. cxd5 Nxd5 5. Bg2 Nb6 6. Nf3 Nc6 7. Rb1 Be7 8.
b4 Bf5 9. b5 Nd4 10. d3 Nxf3+ 11. Bxf3 Rb8 12. a4 Bh3 13. Be3 O-O 14. a5 Nc8
15. Qa4 f5 16. Rg1 Kh8 17. Nd5 Bd6 18. Qh4 Qxh4 19. gxh4 f4 20. Bd2 Ne7 21.
Nxe7 Bxe7 22. Bb4 c5 23. Bc3 Bd6 24. b6 a6 25. h5 Bf5 26. Rc1 h6 27. Kd2 Rfd8
28. Bd5 Rd7 29. f3 Re8 30. Bb2 Bf8 31. Bb3 e4 32. fxe4 Rxe4 33. Rc4 f3 34. Rxe4
Bxe4 35. Rg4 Bc6 36. Bc4 Bd6 37. e4 Bxh2 38. Ke3 Bb5 39. Bd5 Re7 40. Rg6 f2 41.
Rxh6# 1-0

[Event "10. HIT Open 2005 - A"]
[Site "Nova Gorica SLO"]
[Date "2005.01.28"]
[Round "1.9"]
[White "Cherin, Diego"]
[Black "Godena, Michele"]
[Result "1/2-1/2"]
[WhiteElo "2272"]
[BlackElo "2544"]
[PlyCount "103"]
[EventDate "2005.01.28"]
[EventType "swiss"]
[EventRounds "9"]
[EventCountry "SLO"]
[Source "lmi"]
[SourceDate "2005.02.03"]

1. e4 e5 2. Nf3 Nc6 3. d4 exd4 4. Bc4 Nf6 5. e5 Ne4 6. Bd5 Nc5 7. Nxd4 Nxd4 8.
Qxd4 c6 9. Bc4 d5 10. exd6 Qxd6 11. Be3 Qxd4 12. Bxd4 Bf5 13. Na3 Ne6 14. O-O-O
Nxd4 15. Rxd4 Bc5 16. Re1+ Kf8 17. Rf4 Bg6 18. Rd1 Ke7 19. Re1+ Kf8 20. Rd1 Be7
21. h4 Rd8 22. Be2 Rxd1+ 23. Kxd1 Bd6 24. Ra4 Bc5 25. h5 Bf5 26. Ra5 b5 27.
Nxb5 Bb6 28. Rxa7 Bxa7 29. Nxa7 Bd7 30. Bf3 c5 31. c4 Ke7 32. Kc2 Kd6 33. Kc3
Rb8 34. b3 g5 35. a4 g4 36. Bd5 Re8 37. Nb5+ Bxb5 38. axb5 Re2 39. Bxf7 Rxf2
40. Bd5 Rf5 41. b6 Rxh5 42. b4 Re5 43. bxc5+ Kxc5 44. b7 Re3+ 45. Kd2 Rb3 46.
Kc2 Rb6 47. Kd3 h5 48. Ke4 h4 49. Kf4 h3 50. gxh3 gxh3 51. Kg3 Rb3+ 52. Kh2
1/2-1/2

[Event "10. HIT Open 2005 - A"]
[Site "Nova Gorica SLO"]
[Date "2005.01.28"]
[Round "1.10"]
[White "Jaracz, Pawel"]
[Black "Jaracz, Barbara"]
[Result "1-0"]
[WhiteElo "2532"]
[BlackElo "2256"]
[PlyCount "53"]
[EventDate "2005.01.28"]
[EventType "swiss"]
[EventRounds "9"]
[EventCountry "SLO"]
[Source "lmi"]
[SourceDate "2005.02.03"]

1. e4 e5 2. Nf3 Nc6 3. Bc4 Bc5 4. c3 Nf6 5. d3 d6 6. h3 O-O 7. Nbd2 a6 8. Bb3
Ba7 9. Nf1 h6 10. g4 Be6 11. Ng3 Nh7 12. Nf5 d5 13. Qe2 dxe4 14. dxe4 Qd7 15.
Rg1 Bxb3 16. axb3 Rad8 17. g5 hxg5 18. Nxg5 g6 19. Nxh7 Kxh7 20. Bh6 Rg8 21.
Bg5 Qd3 22. Bxd8 Qxe2+ 23. Kxe2 Nxd8 24. Ne7 Rh8 25. Rad1 Ne6 26. Rd7 Kg7 27.
Nxg6 1-0

[Event "10. HIT Open 2005 - A"]
[Site "Nova Gorica SLO"]
[Date "2005.01.28"]
[Round "1.11"]
[White "Brustkern, Juergen"]
[Black "Mihalcisin, Adrian"]
[Result "1/2-1/2"]
[WhiteElo "2251"]
[BlackElo "2522"]
[PlyCount "38"]
[EventDate "2005.01.28"]
[EventType "swiss"]
[EventRounds "9"]
[EventCountry "SLO"]
[Source "lmi"]
[SourceDate "2005.02.03"]

1. e4 e5 2. Bc4 Nf6 3. d3 c6 4. Nf3 Be7 5. Bb3 O-O 6. O-O d6 7. c3 a5 8. Re1
Nbd7 9. d4 b5 10. Nbd2 Qc7 11. Nf1 a4 12. Bc2 Nb6 13. Ng3 Re8 14. h3 Nc4 15.
Rb1 Bd7 16. Bd3 Nb6 17. Bc2 Nc4 18. Bd3 Nb6 19. Bc2 Nc4 1/2-1/2

[Event "10. HIT Open 2005 - A"]
[Site "Nova Gorica SLO"]
[Date "2005.01.28"]
[Round "1.13"]
[White "Skoberne, Jure"]
[Black "Cebalo, Miso"]
[Result "0-1"]
[WhiteElo "2248"]
[BlackElo "2519"]
[PlyCount "70"]
[EventDate "2005.01.28"]
[EventType "swiss"]
[EventRounds "9"]
[EventCountry "SLO"]
[Source "lmi"]
[SourceDate "2005.02.03"]

1. e4 c5 2. c3 d5 3. exd5 Qxd5 4. d4 g6 5. Be3 Nf6 6. Be2 cxd4 7. cxd4 Bg7 8.
Nc3 Qa5 9. Bf3 O-O 10. h3 Nbd7 11. Nge2 Nb6 12. O-O Nc4 13. Qb3 Nxe3 14. fxe3
Bd7 15. Kh1 Rac8 16. Nf4 e6 17. e4 e5 18. Nfd5 Nxd5 19. Nxd5 Kh8 20. Rac1 b6
21. Rxc8 Bxc8 22. Ne7 Ba6 23. Nc6 Qb5 24. Qxb5 Bxb5 25. Rc1 exd4 26. Nxa7 Bd7
27. e5 Bxe5 28. b4 Bf4 29. Rd1 Re8 30. Nc6 d3 31. g3 Bxg3 32. Kg2 Re3 33. Nd8
Bf4 34. Kf2 Ba4 35. Rg1 Re8 0-1

[Event "10. HIT Open 2005 - A"]
[Site "Nova Gorica SLO"]
[Date "2005.01.28"]
[Round "1.14"]
[White "Drazic, Sinisa"]
[Black "Srebrnic, Vojko"]
[Result "1-0"]
[WhiteElo "2489"]
[BlackElo "2240"]
[PlyCount "73"]
[EventDate "2005.01.28"]
[EventType "swiss"]
[EventRounds "9"]
[EventCountry "SLO"]
[Source "lmi"]
[SourceDate "2005.02.03"]

1. d4 Nf6 2. Nc3 d5 3. Bg5 Bf5 4. f3 c5 5. dxc5 d4 6. e4 Nc6 7. Nb5 Bg6 8. e5
h6 9. Bc1 a6 10. exf6 axb5 11. fxg7 Bxg7 12. Bd3 Qd5 13. Ne2 Bxd3 14. cxd3 Rxa2
15. Rxa2 Qxa2 16. Nf4 Be5 17. Nh5 Qd5 18. Qe2 Qxc5 19. Kf2 Kd7 20. Bd2 Bd6 21.
f4 Rg8 22. Ng3 Qd5 23. Re1 Nd8 24. Ne4 f5 25. Ng3 Rg4 26. h3 Rg6 27. Qh5 Rf6
28. Ne4 Rf8 29. Nxd6 Qxd6 30. Re5 e6 31. Qxh6 Nf7 32. Qg7 Ke8 33. Rxb5 Qc7 34.
Rb4 Qc2 35. Ke2 Nd8 36. Rxd4 Qc5 37. Qd7# 1-0

[Event "10. HIT Open 2005 - A"]
[Site "Nova Gorica SLO"]
[Date "2005.01.28"]
[Round "1.15"]
[White "Ilic, Ljubomir"]
[Black "Borisek, Jure"]
[Result "0-1"]
[WhiteElo "2229"]
[BlackElo "2489"]
[PlyCount "76"]
[EventDate "2005.01.28"]
[EventType "swiss"]
[EventRounds "9"]
[EventCountry "SLO"]
[Source "lmi"]
[SourceDate "2005.02.03"]

1. e4 c5 2. Nf3 d6 3. d4 cxd4 4. Nxd4 Nf6 5. Nc3 a6 6. f4 Qc7 7. Bd3 Nc6 8.
Nxc6 bxc6 9. O-O g6 10. Qe1 Bg7 11. Kh1 O-O 12. Qh4 c5 13. f5 Bb7 14. Bc4 Bc6
15. Bg5 Rab8 16. fxg6 hxg6 17. Rxf6 exf6 18. Bxf6 Bxf6 19. Qxf6 Kh7 20. Rd1 Qd8
21. Qf4 Qe7 22. Rxd6 Bb7 23. Rd3 Kg7 24. Rh3 Rh8 25. Rf3 Rbf8 26. Bd3 Rh4 27.
g4 Bc8 28. Rg3 Rfh8 29. Rg2 g5 30. Qf3 f6 31. Ne2 Qe5 32. Ng3 Rxg4 33. c3 Qf4
34. Qxf4 gxf4 35. Nf5+ Bxf5 36. exf5 Rg5 37. c4 Rh3 38. Re2 Re3 0-1

[Event "10. HIT Open 2005 - A"]
[Site "Nova Gorica SLO"]
[Date "2005.01.28"]
[Round "1.16"]
[White "Pavlovic, Milos"]
[Black "Srebrnic, Ana"]
[Result "1-0"]
[WhiteElo "2485"]
[BlackElo "2226"]
[PlyCount "83"]
[EventDate "2005.01.28"]
[EventType "swiss"]
[EventRounds "9"]
[EventCountry "SLO"]
[Source "lmi"]
[SourceDate "2005.02.03"]

1. Nf3 Nf6 2. g3 g6 3. Bg2 Bg7 4. O-O O-O 5. c4 d6 6. Nc3 e5 7. d4 Nbd7 8. h3
a6 9. dxe5 dxe5 10. Be3 Qe7 11. Qb3 Re8 12. Rfd1 c6 13. Nd2 Nc5 14. Qa3 Ne6 15.
Qxe7 Rxe7 16. Rac1 Nd4 17. Bg5 h6 18. Bxf6 Bxf6 19. e3 Ne6 20. b4 Bd7 21. Nb3
Be8 22. Ne4 Bg7 23. Nd6 f5 24. c5 e4 25. Na5 Rb8 26. h4 h5 27. Bf1 Kf8 28. Bc4
Nd8 29. Nxe8 Kxe8 30. Rd6 Nf7 31. Rxg6 Ne5 32. Rd6 Nf3+ 33. Kg2 Be5 34. Rg6 Rg7
35. Rxg7 Bxg7 36. Be6 Bb2 37. Rb1 Bc3 38. Nc4 Ne1+ 39. Kf1 Nd3 40. Bxf5 Nxb4
41. Bxe4 Nxa2 42. Bxc6+ 1-0

[Event "10. HIT Open 2005 - A"]
[Site "Nova Gorica SLO"]
[Date "2005.01.28"]
[Round "1.17"]
[White "Beletic, Danijel"]
[Black "Jovanic, Ognjen"]
[Result "1-0"]
[WhiteElo "2199"]
[BlackElo "2477"]
[PlyCount "69"]
[EventDate "2005.01.28"]
[EventType "swiss"]
[EventRounds "9"]
[EventCountry "SLO"]
[Source "lmi"]
[SourceDate "2005.02.03"]

1. e4 e5 2. Nf3 Nc6 3. Bb5 Nf6 4. d3 d6 5. c3 g6 6. O-O Bg7 7. Re1 O-O 8. Nbd2
Bd7 9. Nf1 Qe8 10. Ng3 h6 11. Bd2 Rd8 12. h3 Kh7 13. Ba4 Ng8 14. Bc2 Kh8 15. b4
Be6 16. a4 f5 17. exf5 gxf5 18. Nh4 Qf7 19. d4 e4 20. d5 Bxd5 21. Nhxf5 Nce7
22. Nxg7 Kxg7 23. c4 Qxf2+ 24. Kh2 Rf3 25. Nh1 Rxh3+ 26. Kxh3 Be6+ 27. Kh2 Qh4+
28. Kg1 Nf6 29. Bc3 d5 30. Qd4 Rf8 31. cxd5 Nexd5 32. Rxe4 Nxc3 33. Qxc3 Bg4
34. Rf1 Kg8 35. Ref4 1-0

[Event "10. HIT Open 2005 - A"]
[Site "Nova Gorica SLO"]
[Date "2005.01.28"]
[Round "1.18"]
[White "Jankovic, Alojzije"]
[Black "Stajner, Samo"]
[Result "1-0"]
[WhiteElo "2477"]
[BlackElo "2162"]
[PlyCount "111"]
[EventDate "2005.01.28"]
[EventType "swiss"]
[EventRounds "9"]
[EventCountry "SLO"]
[Source "lmi"]
[SourceDate "2005.02.03"]

1. d4 Nf6 2. Nf3 g6 3. c4 Bg7 4. g3 O-O 5. Bg2 c6 6. Nc3 d5 7. Qb3 dxc4 8. Qxc4
Nbd7 9. O-O Nb6 10. Qd3 Be6 11. Rd1 Bf5 12. e4 Bg4 13. h3 Bxf3 14. Qxf3 e6 15.
b3 Qe7 16. a4 Rfd8 17. Ba3 Qe8 18. a5 Nc8 19. Bf1 e5 20. dxe5 Nd7 21. Qe3 Qxe5
22. Bb2 Ne7 23. Bc4 Qc7 24. f4 b5 25. axb6 Nxb6 26. Rxd8+ Rxd8 27. e5 Nf5 28.
Qf2 Nxc4 29. bxc4 Rd3 30. Ne4 Qb6 31. Qxb6 axb6 32. Ra8+ Bf8 33. g4 Ng3 34.
Nf6+ Kg7 35. Kf2 Rd2+ 36. Kxg3 Rxb2 37. g5 Rb3+ 38. Kg4 Ra3 39. Rb8 b5 40. cxb5
cxb5 41. Rxb5 h5+ 42. gxh6+ Kxh6 43. Rb7 Kg7 44. Ne8+ Kg8 45. e6 Re3 46. Nf6+
Kh8 47. Rxf7 Bg7 48. e7 Bxf6 49. Rf8+ Kg7 50. e8=Q Rxe8 51. Rxe8 Kh6 52. Re6
Kg7 53. h4 Bd8 54. h5 gxh5+ 55. Kxh5 Kh7 56. Ra6 1-0

[Event "10. HIT Open 2005 - A"]
[Site "Nova Gorica SLO"]
[Date "2005.01.28"]
[Round "1.20"]
[White "Brkic, Ante"]
[Black "Miletic, Dean"]
[Result "1-0"]
[WhiteElo "2458"]
[BlackElo "2134"]
[PlyCount "99"]
[EventDate "2005.01.28"]
[EventType "swiss"]
[EventRounds "9"]
[EventCountry "SLO"]
[Source "lmi"]
[SourceDate "2005.02.03"]

1. e4 e5 2. Nf3 Nc6 3. Bb5 a6 4. Ba4 Nf6 5. O-O Be7 6. Re1 b5 7. Bb3 O-O 8. h3
d6 9. c3 Nb8 10. d4 Nbd7 11. Nbd2 Bb7 12. Bc2 Re8 13. Nf1 Bf8 14. Ng3 g6 15. b3
c5 16. a4 Qc7 17. d5 Bg7 18. Be3 Nb6 19. Qe2 b4 20. cxb4 cxb4 21. a5 Nbd7 22.
Rec1 Reb8 23. Bd2 Bc8 24. Qe1 Nc5 25. Bxb4 Rb5 26. Bd2 Qe7 27. b4 Ncd7 28. Ba4
Rbb8 29. Rc2 Ne8 30. Rac1 Bb7 31. Bc6 Ndf6 32. Qe2 Nc7 33. Be3 Nfe8 34. Bb6
Bxc6 35. Rxc6 Nb5 36. Qd3 h5 37. Be3 Rb7 38. Nd2 Rc7 39. Nc4 Bf6 40. Nb6 Rb8
41. Ne2 Bg5 42. Nc3 Nd4 43. Rxc7 Nxc7 44. f4 Bh6 45. Rf1 Ncb5 46. Nxb5 Nxb5 47.
f5 Bxe3+ 48. Qxe3 Nd4 49. f6 Qd8 50. Nd7 1-0

[Event "10. HIT Open 2005 - A"]
[Site "Nova Gorica SLO"]
[Date "2005.01.28"]
[Round "1.21"]
[White "Stantic, Severino"]
[Black "Lenic, Luka"]
[Result "0-1"]
[WhiteElo "2096"]
[BlackElo "2450"]
[PlyCount "78"]
[EventDate "2005.01.28"]
[EventType "swiss"]
[EventRounds "9"]
[EventCountry "SLO"]
[Source "lmi"]
[SourceDate "2005.02.03"]

1. c4 c5 2. Nc3 Nc6 3. g3 g6 4. Bg2 Bg7 5. Nf3 e5 6. d3 Nge7 7. O-O O-O 8. Be3
d6 9. Qd2 Nf5 10. Bg5 f6 11. Be3 Be6 12. Qc1 Nxe3 13. Qxe3 Qd7 14. Qd2 h6 15.
Bh1 f5 16. e3 g5 17. Ne1 f4 18. Nc2 Rf7 19. exf4 exf4 20. Rfe1 Be5 21. Rab1
Raf8 22. Ne4 b6 23. Bg2 Nd4 24. Nxd4 Bxd4 25. Kh1 Bh3 26. Bxh3 Qxh3 27. Rg1 Be5
28. Qe2 fxg3 29. fxg3 Rf3 30. Rg2 Qf5 31. Rgg1 d5 32. cxd5 Bd4 33. Rgd1 Qxd5
34. Rf1 g4 35. b3 Qf5 36. Kg2 h5 37. Rbd1 Kg7 38. a4 Qd5 39. Qc2 Rf2+ 0-1

[Event "10. HIT Open 2005 - A"]
[Site "Nova Gorica SLO"]
[Date "2005.01.28"]
[Round "1.24"]
[White "Paschall, William M"]
[Black "Varini, Massimo"]
[Result "1/2-1/2"]
[WhiteElo "2403"]
[BlackElo "2070"]
[PlyCount "59"]
[EventDate "2005.01.28"]
[EventType "swiss"]
[EventRounds "9"]
[EventCountry "SLO"]
[Source "lmi"]
[SourceDate "2005.02.03"]

1. d4 Nf6 2. c4 g6 3. Nc3 Bg7 4. Nf3 O-O 5. Bg5 d6 6. e3 Nbd7 7. Be2 c6 8. O-O
Re8 9. Qc2 Qc7 10. Rfd1 e5 11. Rac1 Nf8 12. dxe5 dxe5 13. Bxf6 Bxf6 14. Ne4 Be7
15. c5 Bf5 16. Nfd2 Ne6 17. g4 Bxe4 18. Nxe4 Red8 19. Bc4 Nxc5 20. Bxf7+ Kxf7
21. Nxc5 Bxc5 22. Qc4+ Kf6 23. Qxc5 Rxd1+ 24. Rxd1 Rd8 25. Rf1 Rd5 26. Qf8+ Qf7
27. Qh6 Ke7 28. Qh4+ Kd7 29. f4 Qe7 30. Qxe7+ 1/2-1/2

[Event "10. HIT Open 2005 - A"]
[Site "Nova Gorica SLO"]
[Date "2005.01.29"]
[Round "2.3"]
[White "Tratar, Marko"]
[Black "Markus, Robert"]
[Result "1/2-1/2"]
[WhiteElo "2469"]
[BlackElo "2584"]
[PlyCount "25"]
[EventDate "2005.01.28"]
[EventType "swiss"]
[EventRounds "9"]
[EventCountry "SLO"]
[Source "lmi"]
[SourceDate "2005.02.03"]

1. Nf3 Nf6 2. c4 e6 3. g3 d5 4. d4 Bb4+ 5. Bd2 Be7 6. Bg2 O-O 7. Qc2 c6 8. O-O
Nbd7 9. Bf4 b6 10. Nc3 Ba6 11. cxd5 cxd5 12. Qa4 Qc8 13. Rfc1 1/2-1/2

[Event "10. HIT Open 2005 - A"]
[Site "Nova Gorica SLO"]
[Date "2005.01.29"]
[Round "2.4"]
[White "Burmakin, Vladimir"]
[Black "Jankovic, Alojzije"]
[Result "1-0"]
[WhiteElo "2554"]
[BlackElo "2477"]
[PlyCount "79"]
[EventDate "2005.01.28"]
[EventType "swiss"]
[EventRounds "9"]
[EventCountry "SLO"]
[Source "lmi"]
[SourceDate "2005.02.03"]

1. d4 Nf6 2. c4 e6 3. g3 d5 4. Nf3 dxc4 5. Bg2 Nc6 6. O-O Rb8 7. e3 b5 8. Nfd2
Bb7 9. b3 cxb3 10. Nxb3 Be7 11. Nc3 a6 12. e4 Bb4 13. Bb2 Na5 14. Nxa5 Bxa5 15.
Qc2 O-O 16. Rfd1 Qd7 17. a4 b4 18. Ne2 b3 19. Qd3 Bc6 20. Qxa6 Ra8 21. Qd3 Bxa4
22. Nc3 Bc6 23. d5 Bb7 24. Na4 exd5 25. e5 Ng4 26. h3 Nh6 27. Nc5 Qc6 28. Nxb7
Qxb7 29. Bxd5 c6 30. Qxb3 Bb6 31. Rxa8 Rxa8 32. Bc4 Rb8 33. Qf3 Qe7 34. Ba1 Qc5
35. Bb3 Re8 36. Kg2 Bc7 37. Rd7 Re7 38. Rxe7 Qxe7 39. Qxc6 Nf5 40. e6 1-0

[Event "10. HIT Open 2005 - A"]
[Site "Nova Gorica SLO"]
[Date "2005.01.29"]
[Round "2.5"]
[White "Lenic, Luka"]
[Black "Miezis, Normunds"]
[Result "0-1"]
[WhiteElo "2450"]
[BlackElo "2547"]
[PlyCount "78"]
[EventDate "2005.01.28"]
[EventType "swiss"]
[EventRounds "9"]
[EventCountry "SLO"]
[Source "lmi"]
[SourceDate "2005.02.03"]

1. d4 e6 2. e4 d5 3. Nd2 c5 4. Ngf3 Nc6 5. exd5 exd5 6. Bb5 Bd6 7. dxc5 Bxc5 8.
O-O Nf6 9. Nb3 Bb6 10. Re1+ Be6 11. Be3 O-O 12. Bxb6 Qxb6 13. a4 Bg4 14. Be2
Rfe8 15. a5 Qc7 16. h3 Bxf3 17. Bxf3 Rxe1+ 18. Qxe1 Ne5 19. Bd1 Re8 20. Qd2 Nc4
21. Qb4 Nxb2 22. Bf3 Qxc2 23. Qxb7 Nd3 24. Rf1 Qc4 25. a6 Ne1 26. Na5 Nxf3+ 27.
gxf3 Qc3 28. Nc6 Qxf3 29. Qxa7 Qxh3 30. Qc7 Qg4+ 31. Kh1 Qe2 32. Ra1 Ne4 33.
Ne7+ Kh8 34. a7 Qf3+ 35. Kh2 Qxf2+ 36. Kh3 Ng5+ 37. Kg4 Qf3+ 38. Kh4 Qh3+ 39.
Kxg5 f6+ 0-1

[Event "10. HIT Open 2005 - A"]
[Site "Nova Gorica SLO"]
[Date "2005.01.29"]
[Round "2.6"]
[White "Nikolov, Sasho"]
[Black "Jaracz, Pawel"]
[Result "0-1"]
[WhiteElo "2431"]
[BlackElo "2532"]
[PlyCount "92"]
[EventDate "2005.01.28"]
[EventType "swiss"]
[EventRounds "9"]
[EventCountry "SLO"]
[Source "lmi"]
[SourceDate "2005.02.03"]

1. d4 Nf6 2. c4 e6 3. Nc3 Bb4 4. e3 Bxc3+ 5. bxc3 c5 6. Bd3 Nc6 7. Ne2 d6 8.
O-O e5 9. d5 Ne7 10. Ng3 h5 11. f4 exf4 12. Rxf4 h4 13. Ne4 Nxe4 14. Bxe4 Bd7
15. Bd2 f5 16. Bd3 g5 17. Rf2 Qc7 18. Qc2 O-O-O 19. Raf1 Kb8 20. Be1 Qc8 21.
Qb1 Rdf8 22. Rb2 Ng6 23. Rbf2 Ne7 24. Rf3 Rf6 25. g4 hxg3 26. Bxg3 Ka8 27. R1f2
Qe8 28. Kf1 Qh5 29. Ke1 Rhf8 30. Rf1 Qh6 31. Qc1 R8f7 32. R3f2 Ng6 33. Qc2 Qf8
34. Qe2 Re7 35. Kd1 Ne5 36. Bxe5 Rxe5 37. Qf3 Rf7 38. Kd2 a6 39. Qg3 Qd8 40.
Rg1 Qa5 41. Qxg5 Qxa2+ 42. Bc2 Rfe7 43. Qf4 Re8 44. Rfg2 Rxe3 45. Rc1 Qb2 46.
Qxe3 Rxe3 0-1

[Event "10. HIT Open 2005 - A"]
[Site "Nova Gorica SLO"]
[Date "2005.01.29"]
[Round "2.7"]
[White "Ushenina, Anna"]
[Black "Cvitan, Ognjen"]
[Result "1/2-1/2"]
[WhiteElo "2357"]
[BlackElo "2520"]
[PlyCount "20"]
[EventDate "2005.01.28"]
[EventType "swiss"]
[EventRounds "9"]
[EventCountry "SLO"]
[Source "lmi"]
[SourceDate "2005.02.03"]

1. d4 Nf6 2. c4 e6 3. Nc3 Bb4 4. e3 c5 5. Nge2 d5 6. a3 Bxc3+ 7. Nxc3 cxd4 8.
exd4 dxc4 9. Bxc4 Nc6 10. Be3 O-O 1/2-1/2

[Event "10. HIT Open 2005 - A"]
[Site "Nova Gorica SLO"]
[Date "2005.01.29"]
[Round "2.9"]
[White "Saric, Ante"]
[Black "Drazic, Sinisa"]
[Result "1-0"]
[WhiteElo "2447"]
[BlackElo "2489"]
[PlyCount "85"]
[EventDate "2005.01.28"]
[EventType "swiss"]
[EventRounds "9"]
[EventCountry "SLO"]
[Source "lmi"]
[SourceDate "2005.02.03"]

1. d4 e6 2. e4 c5 3. Nf3 a6 4. d5 exd5 5. exd5 d6 6. Bd3 Be7 7. O-O Nf6 8. c4
O-O 9. h3 Re8 10. Nc3 Nbd7 11. Re1 Nf8 12. Bd2 Ng6 13. Qc2 Bd7 14. a4 Qc7 15.
Bf5 Bxf5 16. Qxf5 Qd7 17. Qd3 h6 18. Ne2 b5 19. axb5 axb5 20. cxb5 Rxa1 21.
Rxa1 Rb8 22. Nc3 Ne8 23. Ra6 Bd8 24. Qc4 Qb7 25. Ne4 Be7 26. b6 Nf6 27. Nxf6+
Bxf6 28. b4 Bd8 29. bxc5 dxc5 30. Ba5 Ne7 31. Ne5 Nc8 32. Nc6 Be7 33. Nxb8 Qxb8
34. Qb5 Bf8 35. Qc6 Qf4 36. g3 Qc1+ 37. Kg2 Ne7 38. Qd6 Qb1 39. Ra8 Qe4+ 40.
Kh2 Qf5 41. Rxf8+ Kh7 42. Qf4 Qxd5 43. Qxf7 1-0

[Event "10. HIT Open 2005 - A"]
[Site "Nova Gorica SLO"]
[Date "2005.01.29"]
[Round "2.10"]
[White "Kozul, Zdenko"]
[Black "Beletic, Danijel"]
[Result "1-0"]
[WhiteElo "2595"]
[BlackElo "2199"]
[PlyCount "93"]
[EventDate "2005.01.28"]
[EventType "swiss"]
[EventRounds "9"]
[EventCountry "SLO"]
[Source "lmi"]
[SourceDate "2005.02.03"]

1. d4 d5 2. c4 c6 3. e3 Nf6 4. Nf3 e6 5. Bd3 c5 6. O-O Nc6 7. a3 a6 8. Nc3 Be7
9. cxd5 exd5 10. dxc5 Bxc5 11. h3 O-O 12. Qc2 h6 13. Rd1 Qe7 14. e4 dxe4 15.
Nxe4 Nxe4 16. Bxe4 Be6 17. Bxc6 bxc6 18. b4 Ba7 19. Qxc6 Qf6 20. Be3 Rfc8 21.
Qe4 Bxe3 22. fxe3 Rab8 23. Nd4 Rc3 24. Rf1 Qe7 25. Rf3 Qd6 26. Qf4 Qxf4 27.
exf4 Rxf3 28. Nxf3 Rc8 29. Nd4 Rc3 30. b5 axb5 31. Nxb5 Rc4 32. a4 Bd7 33. Rd1
Bxb5 34. axb5 Rb4 35. Rd8+ Kh7 36. Rd5 Rxf4 37. g4 Rb4 38. Kf2 Rb3 39. h4 Kg8
40. h5 Kf8 41. Re5 g6 42. Ke2 Kg7 43. Kd2 Kf6 44. Rc5 Ke6 45. g5 hxg5 46. h6
Kd6 47. Rc8 1-0

[Event "10. HIT Open 2005 - A"]
[Site "Nova Gorica SLO"]
[Date "2005.01.29"]
[Round "2.11"]
[White "Nevednichy, Vladislav"]
[Black "Krumpacnik, Domen"]
[Result "1/2-1/2"]
[WhiteElo "2559"]
[BlackElo "2364"]
[PlyCount "84"]
[EventDate "2005.01.28"]
[EventType "swiss"]
[EventRounds "9"]
[EventCountry "SLO"]
[Source "lmi"]
[SourceDate "2005.02.03"]

1. e4 e6 2. d4 d5 3. Nd2 dxe4 4. Nxe4 Nd7 5. Nf3 Ngf6 6. Nxf6+ Nxf6 7. Bg5 c5
8. Bd3 cxd4 9. Nxd4 Qa5+ 10. Bd2 Qe5+ 11. Ne2 Bc5 12. b4 Be7 13. O-O O-O 14. c4
b6 15. Bf4 Qh5 16. Qb3 Bb7 17. Rfd1 Rfd8 18. Nc3 Qg4 19. Bg3 h5 20. h3 Qg5 21.
h4 Qg4 22. Be2 Qg6 23. Bf1 Ne4 24. Nxe4 Qxe4 25. Rxd8+ Rxd8 26. Rd1 Rxd1 27.
Qxd1 Bxh4 28. Bxh4 Qxh4 29. Qd7 Bxg2 30. Qc8+ Kh7 31. Bxg2 Qf4 32. Qd8 Qxc4 33.
Qd2 f5 34. a4 a5 35. bxa5 bxa5 36. Qxa5 Qc1+ 37. Kh2 Qf4+ 38. Kg1 Qc1+ 39. Bf1
Qg5+ 40. Kh1 Qh4+ 41. Kg2 Qg4+ 42. Kh2 Qf4+ 1/2-1/2